| 000 | 00625nam a2200181 a 4500 | ||
|---|---|---|---|
| 001 | 000013805 | ||
| 005 | 20200929163344.0 | ||
| 008 | 091130s1983 dr acg 001 0 spa d | ||
| 040 |
_aDO-SdBNP _bspa _cBNPHU |
||
| 082 |
_axxxx _bG216c |
||
| 100 | 1 |
_aGarcía, Mayra _931299 |
|
| 245 | 1 | 3 |
_aEl cangrejo de manglar : _bUcides cordatus en la República Dominicana / _cMayra García, Idelisa Bonnelly de Calventi. |
| 260 |
_aSanto Domingo : _bGabiota, _c1983. |
||
| 300 |
_a51 p. : _bil.,gráf., retrs. ; _c21 cm. |
||
| 504 | _aIncluye bibliografía (p. 49 - 51 ) | ||
| 700 | 1 |
_aBonnelle de Calventi, Idelisa _931300 |
|
| 049 | _aBNPD | ||
| 999 |
_c13417 _d13417 |
||